Java kártyajáték (Küldős Borjú) megvalósítása mobiltelefonra

Elmentve itt :
Bibliográfiai részletek
Szerző: Bálint Miklós
További közreműködők: Gergely Tamás (Témavezető)
Dokumentumtípus: Szakdolgozat
Megjelent: 2010
Tárgyszavak:
Online Access:http://diploma.bibl.u-szeged.hu/3550
LEADER 00812nta a2200181 i 4500
001 dipl3550
005 20130314072801.0
008 101110s2010 hu om 0|| hun d
040 |a SZTE Diploma Repozitórium  |b hun 
041 |a hun 
100 1 |a Bálint Miklós 
245 1 0 |a Java kártyajáték (Küldős Borjú) megvalósítása mobiltelefonra  |h [elektronikus dokumentum] /  |c Miklós Bálint 
260 |c 2010 
650 4 |a Informatika 
700 1 |a Gergely Tamás  |e ths 
856 4 0 |u http://diploma.bibl.u-szeged.hu/id/eprint/3550/1/2010_balint_miklos_10_8.pdf  |z Dokumentum-elérés  
856 4 0 |u http://diploma.bibl.u-szeged.hu/id/eprint/3550/2/2010_balint_miklos_10_8_biralat.pdf  |z Dokumentum-elérés  
856 4 0 |u http://diploma.bibl.u-szeged.hu/id/eprint/3550/3/2010_balint_miklos_10_8_melleklet.tar.gz  |z Dokumentum-elérés